International Criminal Law (Record no. 3788)

MARC details
005 - DATE AND TIME OF LATEST TRANSACTION
control field 20250623115634.0
020 ## - INTERNATIONAL STANDARD BOOK NUMBER
International Standard Book Number 0-19-926128-8
082 ## - DEWEY DECIMAL CLASSIFICATION NUMBER
Classification number LM 345 CAS
100 ## - MAIN ENTRY--PERSONAL NAME
Author name CASSESE, A.
245 ## - TITLE STATEMENT
Title International Criminal Law
260 ## - PUBLICATION, DISTRIBUTION, ETC.
Place of publication, distribution, etc. New York,
Name of publisher, distributor, etc. Oxford University Press,
Date of publication, distribution, etc. 2003.
300 ## - PHYSICAL DESCRIPTION
Extent lvi, 472p.
Other physical details Index.
Dimensions 25cm.
942 ## - ADDED ENTRY ELEMENTS (KOHA)
Source of classification or shelving scheme Dewey Decimal Classification
Koha item type Books
Holdings
Date last seen Total checkouts Full call number Barcode Cost, replacement price Price effective from Koha item type Lost status Source of classification or shelving scheme Damaged status Not for loan Withdrawn status Home library Current library Shelving location Date acquired Cost, normal purchase price
06/11/2025   LM 345 CAS 00000010846 267300.00 06/11/2025 Books   Dewey Decimal Classification       College of Business Education Main Library College of Business Education Main Library Special Reserve Collection 04/22/2005 89100.00
06/11/2025   LM 345 CAS 00000010847 267300.00 06/11/2025 Books   Dewey Decimal Classification       College of Business Education Main Library College of Business Education Main Library Special Reserve Collection 04/22/2005 89100.00